00334nam a2200133 a 45000010010000000030011000100080041000210350026000620820014000881000021001022450029001232600040001526500008001920000-8710ELIB.Books110520 1981  a(ELIB.Books)0000-8856 a233 bBur aBurns, J. Patout aTheological Anthropology bPhiladelphia: Fortress Press c1981 aMan